000 00586nam a2200205Ia 4500
005 20250508161041.0
008 008 250505s9999 xx 000 0 eng d
020 _a0-471-99669-6
037 _aTextual
040 _aFEDL
_beng
_cFEDL
041 _aeng
_2eng
084 _a155.2, ADA
_qFEDL
100 _aAdams-Webber J. R.
_9770115
245 0 _aPersonal construct theory : Concpts and applications
260 _aChichester
_bJohn Wiley and Sons
_c1979
300 _axii,239p.
650 _aPersonality
942 _cTEXL
_h155.2, ADA
999 _c1368139
_d1368139